00576nam a2200157Ia 450000500170000000800410001708200130005810000150007124500180008626000360010430000180014050001440015894200060030295200950030899900150040320250122045307.0240331s9999 xx 000 0 und d bNARa920 aNarayan, J 0aPrison diary  aBombaybPopular Prakashanc1975 axii, 144 p ., aJayaprakash Narayan's Prison Diary is a historic document whose significance will outlive the circumstances in which it came to be written. cL 001040708LaWERCLbWERCLcSSCd2024-03-31l0o 920 NARp6399r2024-03-31w2024-03-31yL c4441d4441